Statistiques concernant Membres Supérieurs : Ostéologie

Cliquez ici pour prendre le quiz!

Statistiques générales

  • Ce quiz a été pris 103 fois
  • Le résultat moyen est 11 sur 17

Statistiques - réponses

Réponse% Correct
Scapula
97%
Clavicule
96%
Humérus
96%
Radius
94%
Ulna
86%
Phalanges (proximales, moyennes, distales)
81%
Métacarpiens
78%
Pisiforme
62%
Trapèze
58%
Scaphoïde
57%
Hamatum
55%
Lunatum
55%
Trapézoïde
55%
Capitatum
52%
Triquetrum
48%
Acromion
42%
os sésamoïdes
25%

Distribution des résultats

Percentile par nombre de réponses

% des personnes avec chaque résultat

Votre développement - résultats

Vous n’avez pas pris ce quiz